| 000 | 01736nam a2200385Ia 4500 | ||
|---|---|---|---|
| 001 | ebr10284054 | ||
| 003 | CaPaEBR | ||
| 006 | m u | ||
| 007 | cr cn||||||||| | ||
| 008 | 040729r20042002nju esb 001 0 eng d | ||
| 020 | _z0691120102 (pbk.) | ||
| 020 | _z9780691120102 | ||
| 040 |
_aCaPaEBR _cCaPaEBR |
||
| 035 | _a(OCoLC)505088752 | ||
| 050 | 1 | 4 |
_aUG705.G7 _bB54 2004eb |
| 100 | 1 |
_aBiddle, Tami Davis, _d1959- |
|
| 245 | 1 | 0 |
_aRhetoric and reality in air warfare _h[electronic resource] : _bthe evolution of British and American ideas about strategic bombing, 1914-1945 / _cTami Davis Biddle. |
| 260 |
_aPrinceton, NJ ; _aWoodstock : _bPrinceton University Press, _cc2004. |
||
| 300 | _a416 p. | ||
| 490 | 1 | _aPrinceton studies in international history and politics | |
| 500 | _aOriginally published: 2002. | ||
| 504 | _aIncludes bibliographical references and index. | ||
| 533 |
_aElectronic reproduction. _bPalo Alto, Calif. : _cebrary, _d2011. _nAvailable via World Wide Web. _nAccess may be limited to ebrary affiliated libraries. |
||
| 650 | 0 |
_aAir power _zGreat Britain _xHistory. |
|
| 650 | 0 |
_aAir power _zUnited States _xHistory. |
|
| 650 | 0 |
_aBombing, Aerial _xHistory. |
|
| 650 | 0 |
_aWorld War, 1914-1918 _xAerial operations, American. |
|
| 650 | 0 |
_aWorld War, 1914-1918 _xAerial operations, British. |
|
| 650 | 0 |
_aWorld War, 1939-1945 _xAerial operations, American. |
|
| 650 | 0 |
_aWorld War, 1939-1945 _xAerial operations, British. |
|
| 655 | 7 |
_aElectronic books. _2local |
|
| 710 | 2 | _aebrary, Inc. | |
| 830 | 0 | _aPrinceton studies in international history and politics. | |
| 856 | 4 | 0 |
_uhttp://site.ebrary.com/lib/rucke/Doc?id=10284054 _zAn electronic book accessible through the World Wide Web; click to view |
| 999 |
_c2498 _d2498 |
||